00981nam a22002295i 450000100060000000300090000600500170001500700030003200800410003502000180007604000220009408000410011610000430015724501250020026000570032530000290038249000730041160000750048471000540055983000730061385200650068612851ES-MaACL20230906150425.0t|921008s1992 sp ||||0| spa j a84-88312-01-6 aM-BN bspa cM-BN a860 Valle-Inclán, Ramón del 1.061 aMontells y Galán, José María de.10aAlgunas referencias heráldicas en la obra de D. Ramón del Valle-Inclán / c[José María de Montells y Galán]. a[Madrid : bSociedad Heráldica Española, c1992] a47 p. : bil. ; c21 cm.1 aPublicaciones de la Academia Asturiana de Heráldica y Genealogía14aValle-Inclán, Ramón del,d1866-1936-xCrítica e interpretación2 aAcademia Asturiana de Heráldica y Genealogía.0 aPublicaciones de la Academia Asturiana de Heráldica y Genealogía aES-MaACLj2151-F-15 bR.123701 q. - Ded. autóg. del autor